000 00254nam a22001217a 4500
008 180226b xxu||||| |||| 00| 0 eng d
041 _aeng
080 _a7
100 _a41
101 _aART
245 _aHISTORY OF ART
_cJANSON.H.W
942 _2udc
_cBK
999 _c43440
_d43440